<?xml version="1.0" encoding="UTF-8"?>
<record
    xmlns:xsi="http://www.w3.org/2001/XMLSchema-instance"
    xsi:schemaLocation="http://www.loc.gov/MARC21/slim http://www.loc.gov/standards/marcxml/schema/MARC21slim.xsd"
    xmlns="http://www.loc.gov/MARC21/slim">

  <leader>01304nam a22002297a 4500</leader>
  <controlfield tag="003">OSt</controlfield>
  <controlfield tag="008">231026t1972    sp     gr     001 j spa d</controlfield>
  <datafield tag="040" ind1=" " ind2=" ">
    <subfield code="a">CO-JMCR</subfield>
    <subfield code="c">CO-JMCR</subfield>
    <subfield code="d">CO-JMCR</subfield>
    <subfield code="e">rda</subfield>
    <subfield code="b">spa</subfield>
  </datafield>
  <datafield tag="041" ind1="0" ind2=" ">
    <subfield code="a">spa</subfield>
  </datafield>
  <datafield tag="082" ind1="0" ind2="4">
    <subfield code="a">A-C</subfield>
    <subfield code="b">FLAt</subfield>
  </datafield>
  <datafield tag="100" ind1="1" ind2=" ">
    <subfield code="e">autor</subfield>
    <subfield code="a">Flaubert, Gustave</subfield>
    <subfield code="9">550</subfield>
    <subfield code="d">1821-1880</subfield>
  </datafield>
  <datafield tag="245" ind1="1" ind2="0">
    <subfield code="a">Tres cuentos /</subfield>
    <subfield code="c">Gustave Flaubert</subfield>
  </datafield>
  <datafield tag="264" ind1=" " ind2=" ">
    <subfield code="a">Espa&#xF1;a : </subfield>
    <subfield code="b">Salvat editores S.A , </subfield>
    <subfield code="c">&#xA9;1972</subfield>
  </datafield>
  <datafield tag="300" ind1=" " ind2=" ">
    <subfield code="a">139 p&#xE1;ginas ; </subfield>
    <subfield code="c">19 cm. </subfield>
  </datafield>
  <datafield tag="500" ind1=" " ind2=" ">
    <subfield code="a">Incluye datos biogr&#xE1;ficos del autor</subfield>
  </datafield>
  <datafield tag="505" ind1="0" ind2=" ">
    <subfield code="a">Un corazon sencillo, p&#xE1;g. 11 -- La leyenda de San Juli&#xE1;n el hospitalario, p&#xE1;g. 61 -- Herod&#xED;as, p&#xE1;g. 97</subfield>
  </datafield>
  <datafield tag="520" ind1="3" ind2=" ">
    <subfield code="a">Los tres relatos, diferentes entre s&#xED; por el tema y por la &#xE9;poca en que se sit&#xFA;an, tienen sin embargo, cierta unidad, reveladora de un mundo maravilloso y legendario en el que violencia y religi&#xF3;n se mezclan a menudo en escenarios de variadas resonancias hist&#xF3;ricas. Un coraz&#xF3;n sencillo, La leyenda de San Juli&#xE1;n el Hospitalatio y herod&#xED;as son el resultado de una laboriosa elaboraci&#xF3;n despojada, sin embargo de la copioa erudicci&#xF3;n que caracteriza el conjunto de la obra flaubertiana.</subfield>
  </datafield>
  <datafield tag="650" ind1="1" ind2="4">
    <subfield code="y">Siglo XIX</subfield>
    <subfield code="9">43548</subfield>
  </datafield>
  <datafield tag="650" ind1="2" ind2="4">
    <subfield code="y">Siglo XIX</subfield>
    <subfield code="9">43328</subfield>
  </datafield>
  <datafield tag="650" ind1="3" ind2="4">
    <subfield code="9">10919</subfield>
  </datafield>
  <datafield tag="999" ind1=" " ind2=" ">
    <subfield code="c">30290</subfield>
    <subfield code="d">16674</subfield>
  </datafield>
  <datafield tag="952" ind1=" " ind2=" ">
    <subfield code="0">0</subfield>
    <subfield code="1">0</subfield>
    <subfield code="2">ddc</subfield>
    <subfield code="4">0</subfield>
    <subfield code="7">0</subfield>
    <subfield code="a">CPL</subfield>
    <subfield code="b">CPL</subfield>
    <subfield code="c">FIC</subfield>
    <subfield code="d">2021-12-06</subfield>
    <subfield code="e">Donaci&#xF3;n</subfield>
    <subfield code="l">0</subfield>
    <subfield code="o">A-C FLAt</subfield>
    <subfield code="p">201811285</subfield>
    <subfield code="r">2023-10-26 00:00:00</subfield>
    <subfield code="t">Ej.1</subfield>
    <subfield code="w">2023-10-26</subfield>
    <subfield code="y">BK</subfield>
  </datafield>
</record>
